Transit when planets cross the sun (Record no. 13895)

MARC details
000 -LEADER
fixed length control field 00621nam a2200217Ia 4500
003 - CONTROL NUMBER IDENTIFIER
control field IN-BaIIA
008 - FIXED-LENGTH DATA ELEMENTS--GENERAL INFORMATION
fixed length control field 211028s9999 xx 000 0 eng d
020 ## - INTERNATIONAL STANDARD BOOK NUMBER
International Standard Book Number 1-85233-621-8
040 ## - CATALOGING SOURCE
Transcribing agency IIA Library
080 ## - UNIVERSAL DECIMAL CLASSIFICATION NUMBER
Universal Decimal Classification number 521.84
Item number MAU
100 ## - MAIN ENTRY--PERSONAL NAME
Personal name Maunder, M
9 (RLIN) 24346
245 #0 - TITLE STATEMENT
Title Transit when planets cross the sun
Statement of responsibility, etc. M. Maunder and P. Moore
260 ## - PUBLICATION, DISTRIBUTION, ETC.
Place of publication, distribution, etc. London
Name of publisher, distributor, etc. Springer-Verlag
Date of publication, distribution, etc. 2000
300 ## - PHYSICAL DESCRIPTION
Extent viii, 164p.
490 ## - SERIES STATEMENT
Series statement Practical astronomy
650 ## - SUBJECT ADDED ENTRY--TOPICAL TERM
Topical term or geographic name entry element Planets
9 (RLIN) 971
650 ## - SUBJECT ADDED ENTRY--TOPICAL TERM
Topical term or geographic name entry element Sun
9 (RLIN) 1200
650 ## - SUBJECT ADDED ENTRY--TOPICAL TERM
Topical term or geographic name entry element Transit
9 (RLIN) 1327
700 ## - ADDED ENTRY--PERSONAL NAME
Personal name Moore, P
9 (RLIN) 13125
942 ## - ADDED ENTRY ELEMENTS (KOHA)
Koha item type Books
Holdings
Withdrawn status Lost status Damaged status Not for loan Home library Current library Shelving location Date acquired Source of acquisition Cost, normal purchase price Total Checkouts Full call number Barcode Date last seen Cost, replacement price Price effective from Koha item type Purchase Price
        IIA Library-Bangalore IIA Library-Bangalore General Stacks 08/01/2001 SSB 1309.80   521.84/ MAU 14815 05/11/2021 1309.80 08/01/2001 Books Rs. 1309.80

Powered by Koha